Forecasting housing boom and slumps

Bibliographic Details
Format: Book
Published: London : Housing Research Foundation , 1980
Subjects:

MARC

LEADER 00000cam a2200000 7i4500
001 0000009330
005 20170109.0
040 |a INS 
090 0 0 |a HD7333.A3   |b F67 1980 
245 1 0 |a Forecasting housing boom and slumps 
260 |a London :   |b Housing Research Foundation ,   |c 1980 
300 |a 23p ;   |c 40cm. 
650 0 |a Housing   |z United Kingdom 
650 0 0 |a Housing 
999 |a 0000023107   |b BOOK   |c Open Shelf   |e Default branch